Guía de aves de los humedales costeros lagunares de Tongoy

Guardat en:
Dades bibliogràfiques
Autor principal: Pizarro, Delia (Autor)
Format: Llibre
Idioma:espanyol
Publicat: Coquimbo Tongoy Acción Ecológica 2005
Edició:2a. ed
Matèries:
Etiquetes: Afegir etiqueta
Sense etiquetes, Sigues el primer a etiquetar aquest registre!

MARC

LEADER 00000nam a2200000 a 4500
001 UCK9914
003 CL-VaPUC
008 060609e20050000cl |||||||||||||||||spa|d
020 |a 9562996476 
082 0 4 |a 598.072383  |b PIZ  |2 21 
100 0 |a Pizarro, Delia  |e author  |9 499813 
245 1 0 |a Guía de aves de los humedales costeros lagunares de Tongoy 
250 |a 2a. ed 
300 |a 60 p 
942 |c BK 
945 |d 20060609 00:00:00  |a jtorresc 
260 |a Coquimbo  |b Tongoy Acción Ecológica  |c 2005 
650 0 |a Aves  |9 262192 
650 0 |a Ornitología  |9 269493 
651 7 |a CHILE  |2 CL-VaPUC  |9 499814 
583 |a last modification  |c 20171218 06:50:06  |k Rodrigo Vera 
999 |c 316914  |d 316912 
952 |0 0  |1 0  |4 0  |6 598_072383000000000_PIZ_2005  |7 0  |8 F  |9 392495  |a BIBING  |b BIBING  |d 2019-11-22  |i 4241290  |l 2  |o 598.072383 PIZ 2005  |p 4241290  |r 2025-01-20  |s 2023-09-05  |w 2019-11-22  |y BK_F  |k GEO